IFM Opac

Business communication (Record no. 18855)

MARC details
000 -LEADER
fixed length control field 00337nam a22001337a 4500
020 ## - INTERNATIONAL STANDARD BOOK NUMBER
International Standard Book Number 0023035102
082 ## - DEWEY DECIMAL CLASSIFICATION NUMBER
Classification number 658.45 AND
100 ## - MAIN ENTRY--PERSONAL NAME
Personal name ANDREWS,Deborah C.
245 ## - TITLE STATEMENT
Title Business communication
260 ## - PUBLICATION, DISTRIBUTION, ETC.
Place of publication, distribution, etc. New york
Name of publisher, distributor, etc. Macmillan publishing
Date of publication, distribution, etc. 1988
300 ## - PHYSICAL DESCRIPTION
Extent xxvi,623p.
Other physical details ill.;graphs,charts,tables,23cm.
500 ## - GENERAL NOTE
General note index
942 ## - ADDED ENTRY ELEMENTS (KOHA)
Koha item type Books

No items available.